000 00735nam a2200181Ia 4500
008 090124s9999 xx 000 0 und d
082 _b113394
100 _aकुलकर्णी वसंत विष्णु
245 _a ग्रंथालयीन व्यवस्थेची रुपरेखा
250 _a1
260 _c1970
300 _a206
600 _aकुलकर्णी वसंत विष्णु
630 _a ग्रंथालयीन व्यवस्थेची रुपरेखा
700 _aकुलकर्णी वसंत विष्णु
730 _a ग्रंथालयीन व्यवस्थेची रुपरेखा
942 _cBOOK
999 _c159485
_d159485